000 00840nam a2200229 i 4500
001 159936
003 ES-MaACL
005 20250921063035.0
008 991018m18631869be |||| | fre d
040 _aCCPB | B
_bspa
_cCCPB | B
100 1 _aMommsen, Theodor,
_d1817-1903
_982081
245 1 0 _aHistoire romaine /
_cpar Thóedore Mommsen ; traduction de l'allemand par E. de Guerle.
260 _aBruxelles & Leipzig :
_bLacroix, Verboeckhoven & Ce. Editeurs,
_c1863-1869.
300 _a7 v. ;
_c23 cm.
490 1 _aCollection d'historiens contemporains
651 4 _aRoma-
_xHistoria.
_99312
700 1 _aGuerle, E. de.
_9127599
830 0 _aCollection d'historiens contemporains
_9188272
852 _aES-MaACL
_jB-13693
_z-- Enc. hol.
_q-- Sólo t.V, 1866 (312 p.)
999 _c159936
_d159936